| 000 | 00566nam a2200205Ia 4500 | ||
|---|---|---|---|
| 999 |
_c43521 _d43521 |
||
| 003 | 0100 | ||
| 005 | 20171018095738.0 | ||
| 008 | 130303s9999 xx 000 0 und d | ||
| 040 | _cARRUPELIB | ||
| 050 | _aB765.T531 1963 | ||
| 100 |
_aSaint Thomas Aquinas _937209 |
||
| 245 | _aTreatise on seperate substances | ||
| 245 | _ba Latin-English edition of a newly established text based on 12 mediaeval manuscripts | ||
| 260 | _aWest Hartford | ||
| 260 | _bSaint Joseph College | ||
| 300 | _a194p. | ||
| 300 | _b 24cm. | ||
| 650 |
_aSubstance (Philosophy) _911323 |
||
| 650 |
_aAngels _xEarly works _937210 |
||
| 700 |
_aLescoe, Francis J _933845 |
||
| 942 |
_2lcc _cMONOGRAPH |
||